Регионална библиотека "Любен Каравелов" - Русе

Българската комунистическа партия и културата (Запис номер 176175)

MARC детайли
000 -Лидер
Контролно поле с фиксирана дължина 05622nam a2200625 c 4500
003 - Код на организацията, давaща контролен номер
Контролно поле BLK
005 - Дата и час на последна редакция
Контролно поле 20250129101339.0
008 - Елементи от данни с фиксирана дължина
fixed length control field 180411b bul|||||r ||||||| ||bul||
010 ## - Наследен системен номер
LC control number KNG00184780000
040 ## - Източник на каталожния запис
Идентификатор на билиотеката - собственик на записа BLK
041 ## - Код за език
Код за езика на текст/звукозапис или на отделно заглавие Български
Код за езика КДБФ Български
080 ## - УДК
Текстов определител УДК Политически партии и движения
УДК код - определител по УДК 329
УДК определител (497.2)БКП
УДК - код + определител 329(497.2)БКП
080 ## - УДК
Текстов определител УДК Цивилизация. Култура. Прогрес. История на културата вж 930.85
УДК код - определител по УДК 008
УДК определител (497.2)
УДК - код + определител 008(497.2)
139 ## - Редно поле
Редна дума Българската комунистическа партия и културата
Авторски знак Бъл - Б 92
245 10 - Сведения за заглавието
Заглавие Българската комунистическа партия и културата
Подзаглавни данни Сб. статии : В 2 т.
Редно поле (дума) ред. кол. Атанас Стойков; състав. Петър Аврамов; * Чавдар Ат. Добрев; * Мария Маринова; * Атанас Димитров Атанасов; * Александър Обретенов Обретенов; * Любомир Б. Павлов; * Никола Стефанов; * Иван Домусчиев; * Стойко Божков; * Слави Славов; * Тончо Трендафилов; * Борис П. Матеев; * Жечо Г. Атанасов; * Пенчо Данчев; * Митко Иванов; * Влъчко Кунчев; * Ани Гергова; * Н. Милев; * Димитър Зенгинов; * Стефан Б. Ганев; * Васил Момов.
Том Т. 2
Заглавие на том 1944 - 1981
257 ## - Страна на издаване
Страна на създаване/издаване България
260 ## - Област на издателските данни
-- София
Име на издателя, разпространителя и проч. Партиздат
Година на издаване 1983
300 ## - Физическа характеристика
Размери/Мащаб 21 см
380 ## - Жанр
Жанр Обществени науки
500 ## - Общи забележки
Забележка Други ред. : П. Аврамов, Ч. Добрев ; Други състав. : М. Маринова, Ат. Атанасов.
650 #4 - Допълнително описание по предмет – тема
Основно описание – тема или топоним БКП - политика
9 (RLIN) 340502
650 #4 - Допълнително описание по предмет – тема
Основно описание – тема или топоним Култура - България - история
9 (RLIN) 251094
651 #4 - Допълнително описание по предмет - топоним
Географско понятие България
9 (RLIN) 241624
653 ## - Ключова дума – ненормативна
Ключова дума БКП
653 ## - Ключова дума – ненормативна
Ключова дума култура
700 1# - Други автори (авторска отговорност)
Лично име Стойков, Атанас
Автороска отговорност (Описва отношението между автора и произведението) ред. кол.
Друга информация Атанасов, Атанас Стойков
9 (RLIN) 369553
700 1# - Други автори (авторска отговорност)
Лично име Аврамов, Петър
Автороска отговорност (Описва отношението между автора и произведението) състав.
9 (RLIN) 376468
700 1# - Други автори (авторска отговорност)
Лично име Добрев, Чавдар Ат.
Автороска отговорност (Описва отношението между автора и произведението) *
9 (RLIN) 340497
700 1# - Други автори (авторска отговорност)
Лично име Маринова, Мария
Автороска отговорност (Описва отношението между автора и произведението) *
9 (RLIN) 378382
700 ## - Други автори (авторска отговорност)
Лично име Атанасов, Атанас Димитров
9 (RLIN) 383307
700 1# - Други автори (авторска отговорност)
Лично име Обретенов, Александър Обретенов
Автороска отговорност (Описва отношението между автора и произведението) *
9 (RLIN) 368930
700 1# - Други автори (авторска отговорност)
Лично име Павлов, Любомир Б.
Автороска отговорност (Описва отношението между автора и произведението) *
9 (RLIN) 382508
700 1# - Други автори (авторска отговорност)
Лично име Стефанов, Никола
Автороска отговорност (Описва отношението между автора и произведението) *
9 (RLIN) 369386
700 1# - Други автори (авторска отговорност)
Лично име Домусчиев, Иван
Автороска отговорност (Описва отношението между автора и произведението) *
9 (RLIN) 383308
700 1# - Други автори (авторска отговорност)
Лично име Божков, Стойко
Автороска отговорност (Описва отношението между автора и произведението) *
9 (RLIN) 367412
700 1# - Други автори (авторска отговорност)
Лично име Славов, Слави
Автороска отговорност (Описва отношението между автора и произведението) *
9 (RLIN) 376999
700 1# - Други автори (авторска отговорност)
Лично име Трендафилов, Тончо
Автороска отговорност (Описва отношението между автора и произведението) *
9 (RLIN) 381060
700 1# - Други автори (авторска отговорност)
Лично име Матеев, Борис П.
Автороска отговорност (Описва отношението между автора и произведението) *
9 (RLIN) 340498
700 1# - Други автори (авторска отговорност)
Лично име Атанасов, Жечо Г.
Автороска отговорност (Описва отношението между автора и произведението) *
9 (RLIN) 340499
700 1# - Други автори (авторска отговорност)
Лично име Данчев, Пенчо
Автороска отговорност (Описва отношението между автора и произведението) *
9 (RLIN) 379694
700 1# - Други автори (авторска отговорност)
Лично име Иванов, Митко
Автороска отговорност (Описва отношението между автора и произведението) *
Друга информация Митев, Митко Иванов
9 (RLIN) 378107
700 1# - Други автори (авторска отговорност)
Лично име Кунчев, Влъчко
Автороска отговорност (Описва отношението между автора и произведението) *
9 (RLIN) 340500
700 1# - Други автори (авторска отговорност)
Лично име Гергова, Ани
Автороска отговорност (Описва отношението между автора и произведението) *
9 (RLIN) 383309
700 1# - Други автори (авторска отговорност)
Лично име Милев, Н.
Автороска отговорност (Описва отношението между автора и произведението) *
9 (RLIN) 340501
700 ## - Други автори (авторска отговорност)
Лично име Зенгинов, Димитър
Дати, свързани с автора 1927-
9 (RLIN) 370300
700 1# - Други автори (авторска отговорност)
Лично име Ганев, Стефан Б.
Автороска отговорност (Описва отношението между автора и произведението) *
9 (RLIN) 383310
700 1# - Други автори (авторска отговорност)
Лично име Момов, Васил
Автороска отговорност (Описва отношението между автора и произведението) *
9 (RLIN) 378138
760 1# - Описание на основната серия
Място на издаване, издател и година 1983
Страници - том 728 с.
Забележка - том Съдържа : Културната революция - закономерност на социализма / П. Аврамов. Георги Димитров и културата / Ал. Обретенов. Тодо Живков и развитието на политиката на БКП в областта на културата / Л. Павлов, Н Стефанов. БКП и формирането на социалистическата интелигенция / П. Аврамов. Съветската култура и културната революция в България / Ив. Домусчиев. БКП и развитието на науката / Ст. Божков. БКП и развитието на философската мисъл / Сл. Славов. БКП и икономическата наука / Т. Трендафилов. БКП и развитието на историческата наука / Б. Матеев. Борбата на БКП за коренно преустройство на образованието / Ж. Атанасов. БКП и литературата / П. Данчев. Журналистика на революцията / М. Иванов. Неуморни глашатаи на партийната политика / В. Кунчев. Социалистическото книгоиздаване и БКП / А. Гергова. Партията и театърът / Ч. Добрев. БКП и киноизкуството / Н. Милев. БКП и изобразителното изкуство / Ат. Стойков. БКП и музикалната култура / Д. Зенгинов. БКП и научното управление на художествената култура / Ст. Ганев. Социалистическото строителство и формирането на новия човек / В. Момов. - 1 010 тир.
Заглавие Т. 2 1944 - 1981
852 ## - Местоположение
Форматна сигнатура Цб 123911
856 4# - Електронен адрес и достъп
Електронен формат pdf - файл
Път до файла /url/
856 4# - Електронен адрес и достъп
Електронен формат pdf - файл
Път до файла /url/
942 ## - АРТИКУЛИ
Вид на библиотечния материал Книги
Скрит в OPAC Не
944 ## - СЪЗДАВАНЕ И РЕДАКЦИЯ на ЗАПИСА
Създаване/Редакция Създаване
Дата на регистрацията/редакция 11.11.2015
Статус, дата на статуса Геновева Генчева
Служител, извършил регистрацията/редакцията 30560
944 ## - СЪЗДАВАНЕ И РЕДАКЦИЯ на ЗАПИСА
Създаване/Редакция Редакция
Дата на регистрацията/редакция 15.01.2018
Статус, дата на статуса 11.11.2015 - от С1,Р / 11.11.2015
Служител, извършил регистрацията/редакцията Виолета_Тройчева
999 ## - СИСТЕМНИ КОНТРОЛНИ НОМЕРА
Koha biblionumber 176175
Koha biblioitemnumber 176175
Наличности
Код за отписване Код за изгубен артикул Източник на класификационната схема Код за повреда Коз за рестрикции Код за отдаване Артикулен № Име на библиотеката - собственик Име на библиотеката, в която се намира в момента Статус (Текущо местоположение) Дата на вписване в системата Местоположение - отдел Цена в лева Инвентарен номер Систематично азбучна сигнатура Баркод Номер на екземпляра Цена в евро Служебна бележка Служебен тип на артикула
  Не е изгубен Universal Decimal Classification Не е повреден само за читалня ползва се в читалня 303256 Регионална библиотека "Любен Каравелов" Русе Регионална библиотека "Любен Каравелов" Русе Хранилище 1983-01-01 Хранилище 5.20 389809 Цб 123911 900000011866 1 2.66 N: стар фонд Дата: 01.01.1983 Книги
Vip Innovations Ltd, Rousse, Bulgaria 2025